00890nam a2200265 a 450000100060000000300080000600500170001400800410003102000150007203500190008704000360010604100130014208200260015510000280018124501310020925000160034026000420035630000210039850400530041965000140047265100480048665100480053470000220058270000200060464705BD-RjUL20211209081336.0170219s1999 gw b 000 0 eng d a3861210991 a(BD-RjUL)64835 aANLbengdANLdBD-RjULcBD-RjUL1 aenghtur04a956.102223bSAO 19991 aSahinler, Menterd1948-14aThe origin, effect and currency of Kemalism /cMenter Sahinler ; translated into English by E. Sabri Yarmal and Lisa Isaacson. aEnglish ed. aHuckelhoven :bVerlag Anadolu,c1999. a279 p. ;c25 cm. aIncludes bibliographical references (p. 259-274) 0aKemalism. 0aTurkeyxPolitics and governmenty1918-1960. 0aTurkeyxPolitics and governmenty1960-1980. aYarmal, E. Sabri  aIsaacson, Lisa